| 000 | 00909cam a2200241 a 4500 | ||
|---|---|---|---|
| 999 |
_c17670 _d17670 |
||
| 001 | 14947182 | ||
| 003 | OSt | ||
| 005 | 20190708145357.0 | ||
| 008 | 070731s2007 ke b 100 0 eng | ||
| 020 | _a9966846689 | ||
| 040 | _aSEKU | ||
| 050 | 0 | 0 |
_aHC 865 .Z9 _bK3 |
| 100 | _aKabubo-Mariara, Jane. | ||
| 111 | 2 |
_aNational Workshop on Poverty and Policy in Kenya _d(2006 : _cNairobi, Kenya) |
|
| 245 | 1 | 0 |
_aPoverty and policy in Kenya : _bproceedings of the National Workshop held on 9th August 2006, Nairobi, Kenya / _cedited by Kabubo-Mariara, Jane. |
| 246 | 1 | 4 | _aProceedings of the National Workshop on Poverty and Policy in Kenya |
| 260 |
_aNairobi : _bUniversity of Nairobi Press, _c2007. |
||
| 300 | _a184 p. | ||
| 504 | _aIncludes bibliographical references | ||
| 650 | 0 |
_aPoverty _xGovernment policy _zKenya _vCongresses. |
|
| 942 |
_2lcc _cGEN |
||